=LDR 00000nam 2200000 4500 =001 INLIS000000000062517 =005 20240521084410 =035 ##$$a 0010-0823000180 =007 ta =008 230821###########################0#ind## =100 #$$a Munawar Fuad Noeh =245 1#$$a Pemuda Indonesia Menggugat /$c Munawar Fuad Noeh =300 ##$$a xvi, 312 halaman : $b ilustrasi ; $c 24 cm =020 ##$$a 978-979-063-549-4 =041 ##$$a ind =082 ##$$a 324.3 =084 ##$$a 324.3 MUN p =264 ##$$a Jakarta :$b Zikrul Hakim,$c 2009 =336 ##$$a teks$2 rdacontent =337 ##$$a tanpa perantara$2 rdamedia =338 ##$$a volume$2 rdacarrier =650 #4$$a KNPI =990 ##$$a 5202300707